Tasas locales (municipales y provinciales) Ley 39/1988, de 28 de diciembre, reguladora de las Haciendas locales /

Detalles Bibliográficos
Autor principal: Ruiz Garijo, Mercedes
Formato: Desconocido
Lenguaje:español
Publicado: Madrid : EDERSA, D.L. 2002
Colección:Leyes tributarias comentadas (Editoriales de Derecho Reunidas)
Materias:
Acceso en línea:Acceso restringido

MARC

LEADER 00000ny a22000003n 4500
005 20110601131932.0
008 030325s sp s 000 0 spa c
017 |a D.L. M.4926-2002 
020 |a 8484940276 
035 |a 434 
040 |a SpMaUCDE  |d vLex 
040 |a UMA.RE  |d vLex 
080 |a 336.12:353(460) 
090 |c 400  |d 400 
100 1 |a Ruiz Garijo, Mercedes 
245 1 0 |a Tasas locales (municipales y provinciales)  |h [Recurso electrn̤ico]  |b Ley 39/1988, de 28 de diciembre, reguladora de las Haciendas locales /  |c comentadas por Mercedes Ruiz Garijo 
256 |a Servicio en ln̕ea 
260 |a Madrid :  |b EDERSA,  |c D.L. 2002 
300 |a 248 p. ;  |c 25 cm 
490 1 |a Leyes tributarias comentadas 
506 1 |a Contenido solo disponible en los productos indicados  |d vLex Global  |d vLex Global (Academic Edition, excluding Law Schools)  |d vLex Global (U.S. Academic Edition, Law Schools)  |d vLex Global (U.S. Academic Edition, excluding Law Schools)  |d vLex Global (Academic Edition, Law Schools) 
650 0 7 |a Tributario  |2 Tesauro vLex 
650 0 7 |a Impuestos  |2 Tesauro vLex 
650 0 7 |a Hacienda local  |2 Tesauro vLex 
650 0 7 |a Tasas  |2 Tesauro vLex 
740 0 |a vLex Libros (Servicios en ln̕ea) 
830 0 |a Leyes tributarias comentadas (Editoriales de Derecho Reunidas) 
856 4 0 |u http://vlex.com/source/434  |z Acceso restringido 
942 |c BOOK 
999 0 |a Taxation--Law and legislation  |b Madrid